000
00239 a2200109 4500
001
68530
040
_c
Anchieta - Itaigara
240
1
0
_a
Bíblia infantil
_l
245
1
0
_a
Bíblia infantil
650
4
_a
Literatura infanto-juvenil
942
_c
MU
999
_c
68530
_d
68530